The de-densification process in George complex (monitoring report) (Record no. 39449)
[ view plain ]
| 000 -LEADER | |
|---|---|
| fixed length control field | 00707nam a2200169 a 4500 |
| 008 - FIXED-LENGTH DATA ELEMENTS--GENERAL INFORMATION | |
| fixed length control field | 100203s1978 ||||||||||||||||| || u |
| 050 ## - LIBRARY OF CONGRESS CALL NUMBER | |
| Classification number | GOV.ZAM(08)WP/16 |
| 100 ## - MAIN ENTRY--PERSONAL NAME | |
| Personal name | Banda, M. C |
| 245 14 - TITLE STATEMENT | |
| Title | The de-densification process in George complex (monitoring report) |
| Statement of responsibility, etc. | By the Lusaka Housing Project Evaluation Team |
| 260 ## - PUBLICATION, DISTRIBUTION, ETC. | |
| Place of publication, distribution, etc. | Lusaka: |
| Name of publisher, distributor, etc. | Government Printer |
| Date of publication, distribution, etc. | 1978 |
| 350 ## - PRICE (NR) (BK AM CF MU VM SE) [OBSOLETE] | |
| Price | 0.00 |
| 500 ## - GENERAL NOTE | |
| General note | Working Paper No. 16 |
| 650 ## - SUBJECT ADDED ENTRY--TOPICAL TERM | |
| Topical term or geographic name entry element | HOUSING |
| 650 ## - SUBJECT ADDED ENTRY--TOPICAL TERM | |
| Topical term or geographic name entry element | PUBLIC HOUSING--ZAMBIA |
| 710 ## - ADDED ENTRY--CORPORATE NAME | |
| Corporate name or jurisdiction name as entry element | Government of the Republic of Zambia. Local Government |
| 995 ## - RECOMMENDATION 995 [LOCAL, UNIMARC FRANCE] | |
| -- | 0.00 |
| -- | CBU-MAIN LIBRARY (Kitwe) |
| -- | 1 |
| -- | 0.00 |
| -- | 1978 |
| -- | AVAILABLE |
| -- | Feb 3, 2010 |
| -- | Zambiana Collection |
| Withdrawn status | Lost status | Source of classification or shelving scheme | Damaged status | Not for loan | Home library | Current library | Shelving location | Date acquired | Total Checkouts | Full call number | Barcode | Date last seen | Price effective from | Koha item type |
|---|---|---|---|---|---|---|---|---|---|---|---|---|---|---|
| CBU-MAIN LIBRARY, KITWE. | CBU-MAIN LIBRARY, KITWE. | 11/30/2022 | GOV.ZAM(08)WP/16 | 03005625 | 11/30/2022 | 11/30/2022 | MONOGRAPH |